Nariadenie vlády SR č. 176/2003 Z.z.

Bibliographic Details
Main Author: Pribula, Peter (Author)
Format: Article
Language:Slovak
PhysicalDescription:Tab.
ISSN:0322-8347
Subjects:

MARC

LEADER 00000nab a2200000 a 4500
001 vtls000857045
003 SK-MaSNL
005 20260304103117.0
008 250429c2003 xo 0 slo
015 |a SNBRB2003/12-37371 
035 |a CLN000208699 
035 |a urn:nbn:sk:snk-abafnm 
035 |a (urnnbn)urn:nbn:sk:snk:ar-a0amx8 
035 |a (uuid)921c724d-6b7d-455e-8200-355c597111be 
040 |a SNKBUCL  |b slo  |c SNKBUCL  |e AACR2 
041 0 |a slo 
044 |a xo  |c SK 
080 |a 621.642-192:006.015.3  |2 1997 
080 |a 006.015.3  |2 1997 
100 1 |a Pribula, Peter  |4 aut  |9 478659 
245 1 0 |a Nariadenie vlády SR č. 176/2003 Z.z.  |c Peter Pribula 
300 |b Tab. 
650 0 7 |a zariadenia tlakové prepravné  |x požiadavky technické  |x zhoda  |x posudzovanie  |x nariadenia vládne  |2 snkbucl  |9 1400844 
655 7 |a články z novín a časopisov  |2 snkbucl  |9 267496 
773 0 |t Bezpečná práca  |g Roč. 34, č. 6 (2003), s. 15-16  |x 0322-8347 
850 |a Slovenská národná knižnica 
852 |a Slovenská národná knižnica 
954 |a odborná, vedecká literatúra pôvodná (slovenská)  |2 lita 
958 |a article14 
958 |a OND 
958 |a EUIPO 
992 |a RBX 
999 |c 2848093  |d 2850023